|
|
|
|
| LEADER |
01458ppm a22002658a 4500 |
| 001 |
00044644 |
| 005 |
20190822090815.0 |
| 008 |
170215s2015 ||||||Viesd |
| 041 |
0 |
# |
|a Vie
|
| 082 |
1 |
4 |
|b KH108S
|a 372.62
|
| 100 |
1 |
# |
|a Dương, Ngọc Hân
|e Chủ nhiệm đề tài
|
| 245 |
1 |
0 |
|b Báo cáo tổng kết đề tài nghiên cứu khoa học của sinh viên năm học 2018 -2019 Mã số SPD2018.02.31
|c Dương Ngọc Hân(chủ nhiệm đề tài); Trần Đức Hùng (hướng dẫn); Phan Thị Minh Nguyệt
|a Khảo sát lỗi dùng từ trong bài viết văn miêu tả của học sinh lớp 4 ở trường thực hành sư phạm, thành phố Cao Lãnh, Đồng Tháp
|
| 260 |
# |
# |
|b Trường Đại học Đồng Tháp
|c 2019
|a Đồng Tháp
|
| 300 |
# |
# |
|a 77 tr. +phụ lục
|c 30 cm.
|e 1 bản tóm tắt
|
| 500 |
# |
# |
|a ĐTTS ghi: Bộ Giáo dục và Đào tạo. Trường Đại học Đồng Tháp
|
| 653 |
# |
# |
|a Giáo dục
|
| 653 |
# |
# |
|a Đồng Tháp
|
| 653 |
# |
# |
|a Tiểu học
|
| 653 |
# |
# |
|a Nghiên cứu khoa học
|
| 653 |
# |
# |
|a Lỗi dùng từ
|
| 700 |
1 |
# |
|e Hướng dẫn
|a Trần, Đức Hùng
|
| 700 |
1 |
# |
|a Phan, Thị Minh Nguyệt
|e Tham gia thực hiện
|
| 852 |
# |
# |
|j KH.0000170
|
| 910 |
# |
# |
|d 19/06/2018
|
| 980 |
# |
# |
|a Trung tâm Học liệu Lê Vũ Hùng, Trường Đại học Đồng Tháp
|